Asfaltové vozovky 2019 : sborník příspěvků. České Budějovice, ČR, 26. - 27. 11. 2019

Salvato in:
Dettagli Bibliografici
Ente Autore: Asfaltové vozovky 2019 České Budějovice, Česká republika
Altri autori: Procházková, Eva (Compilatore)
Natura: Atti del Convegno Libro
Lingua:ceco
slovacco
Pubblicazione: Praha : PRAGOPROJEKT, 2019
Edizione:1. vyd.
Tags: Aggiungi Tag
Nessun Tag, puoi essere il primo ad aggiungerne!!

MARC

LEADER 00000nam a22000003a 4500
001 0078007
003 SK-STU
005 20191128141947.6
007 ta
008 151208s ----xo-----e------100-0-----d
020 |a 978-80-906809-3-7 
040 |a STU  |b slo 
041 0 |a cze  |a slo 
044 |a xr 
111 2 |a Asfaltové vozovky 2019  |d 26. - 27. 11. 2019  |c České Budějovice, Česká republika 
245 1 0 |a Asfaltové vozovky 2019 :  |b sborník příspěvků. České Budějovice, ČR, 26. - 27. 11. 2019  |h [elektronický zdroj] 
246 3 1 |a Asphalt Pavements 2019 :  |b proceedings 
250 |a 1. vyd. 
260 |a Praha :  |b PRAGOPROJEKT,  |c 2019 
300 |a USB kľúč 
700 1 |a Procházková, Eva  |4 com 
996 |c V* 934/A  |l VV2  |s P  |a 0  |w 0078007_0001